000 00607nam a22002177a 4500
003 UA-OsUOA
001 75540
007 ta
008 20110527b un ||||| |||| 00| 0 ukr d
100 _aЛукомська О.
090 _a330
_bЛ84
942 _cSA
040 _aUA-OsUOA
_bukr
_cUA-OsUOA
_dUA-OsUOA
245 _aСпіввідношення іпотечних цінних паперів та рухомих речей
300 _aС.12-15
955 _a0
041 _aukr
080 _a330
773 0 _w75536
_tВіче
_dК.
_d2011
_g10
650 7 _a330 Економіка взагалі
_2UDC
999 _c361838
_d361838